000 00852nam a2200229Ia 4500
001 83
003 GE_BSU
008 181216s||||||||xx |||||||||||||| ||und||
020 _a9789992853627
040 _cGE_BSU
080 _a573.6+57.082(075.8)
100 _aქობალია, ვახტანგ
245 _aმცენარეთა ბიოტექნოლოგია
245 _bსახელმძღვანელო სასოფლო–სამეურნეო და სატყეო საქმის სპეციალობის სტუდენტებისათვის
260 _aქუთაისი
260 _bმოწამეთა
260 _c2008
300 _a532 გვ.
541 _h20 ლარი
653 _aბიოტექნოლოგია
942 _cBK
999 _c34399
_d34399